Franz Liszt

Titel: Franz Liszt : österreichischer Pianist, ungarischer Komponist, deutscher Dirigent, römisch-katholischer Abbé, Freimaurer & Kosmopolit / Thussy Gorischek
Verfasser:
Veröffentlicht: Graz : Studio-Ed., 2001
Umfang: 108 S. : Ill. ; 21 cm
Format: Buch
Sprache: Deutsch
RVK-Notation:
Schlagworte:
ISBN: 3950132953
Buchumschlag
X
alg: 10106292
001A    $06000:24-10-01 
001B    $01999:12-08-17 $t09:00:15.000 
001C    $06002:28-02-06 $t11:58:21.000 
001D    $00077:29-08-08 
001U    $0utf8 
001X    $00 
002@    $0Aax 
003@    $0101062923 
003O    $0614937074 $aOCoLC 
004A    $03-9501329-5-3 $fgeh. : EUR 8.75 
006G    $0962831409 
006T    $001,N45,0513 
007A    $0962831409 $aDNB 
010@    $ager 
011@    $a2001 $n2001 
015@    $00 
017A    $asf 
021A    $aFranz Liszt $dösterreichischer Pianist, ungarischer Komponist, deutscher Dirigent, römisch-katholischer Abbé, Freimaurer & Kosmopolit $hThussy Gorischek 
028A    $7122965345 $8Gorischek, Thussy [Tp3] $9154002151 
033A    $pGraz $nStudio-Ed. 
034D    $a108 S. 
034I    $a21 cm 
034M    $aIll. 
041A    $RPohl, Jeanne $#Liszt, Franz $#Liszt, Ferencz $#Liszt, Ferenc $#Liszt, Francesco $#Liszt, Francisco $#Liszt, Franciscus $#Liszt, Franciszek $#Liszt, François $#Liszt, Franz von $#Liszt, F. $#Liszt $#Liszt-Brugnoli $#List, Ferenc $#List, Ferents $#List, Frants $#List, Franz $#List, F. $#Listz $#List, Franz $#Liszt, F. $7118573527 $8Liszt, Franz$Z1811-1886 [Tp1] $9086914553 
041A/80 $i14.4p 
041A/90 $hXA-HU $hXA-DE 
045B    $a780.92 $eDDCoclc 
045E    $a48 
045Z    $8LP 64572 [Tkv] $9410129429 

lok: 10106292 24

exp: 10106292 24 1 #EPN
201B/01 $023-09-04 $t09:01:10.000 
201C/01 $023-09-04 
203@/01 $0219613222 
208@/01 $a23-09-04 $ba 
209A/01 $azur Erwerbung bestellt $da $f050 $x00 
220C/01 $awar 
247C/01 $8358050-7 Marburg, Bibliothek des Herder-Instituts Marburg $9102600961 
201U/01 $0utf8
LEADER 00000cam a22000002c 4500
001 101062923
003 DE-603
005 20170812090015.0
007 tu
008 011024s2001 xx |||| | u00||u|ger
015 |a 01,N45,0513  |2 dnb 
016 7 |2 DE-101  |a 962831409 
020 |a 3950132953  |c geh. : EUR 8.75 
035 |a (DE-599)DNB962831409 
035 |a (OCoLC)614937074 
040 |a DE-603  |b ger  |c DE-603  |d DE-603 
041 |a ger 
043 |c XA-HU  |c XA-DE 
082 7 |a 780.92  |2 oc/lc 
084 |a 48  |q DE-101  |2 sdnb 
084 |a LP 64572  |0 (DE-625)107556:  |0 (DE-603)410129429  |2 rvk 
084 |a 14.4p  |q DE-101  |2 sdnb 
090 |a b 
100 1 |a Gorischek, Thussy  |0 (DE-603)154002151  |0 (DE-588)122965345  |2 gnd 
245 0 0 |a Franz Liszt  |b österreichischer Pianist, ungarischer Komponist, deutscher Dirigent, römisch-katholischer Abbé, Freimaurer & Kosmopolit  |c Thussy Gorischek 
264 1 |a Graz  |b Studio-Ed.  |c 2001 
300 |a 108 S.  |b Ill.  |c 21 cm 
600 1 7 |a Liszt, Franz  |d 1811-1886  |0 (DE-588)118573527  |0 (DE-603)086914553  |2 gnd 
924 0 |9 Mb 50  |a (DE-603)219613222  |b DE-Mb50  |c HES  |d d  |g zur Erwerbung bestellt